000
00221nam a22000857a 4500
008
160816b xxu||||| |||| 00| 0 eng d
100
_9
148
_a
Swift J
245
_a
Gulliver's Travel-IX
260
_a
New Delhi
_b
APC publication
_c
2016
999
_c
2804
_d
2804